| 000 | 00522nam a2200169Ia 4500 | ||
|---|---|---|---|
| 008 | 230917s9999||||xx |||||||||||||| ||und|| | ||
| 020 | _cRS 995.00 | ||
| 040 |
_e5008166 _aMAIN |
||
| 041 | _aEnglish | ||
| 082 | _a006.4 F914I | ||
| 100 | _aFriedman, Menahem | ||
| 245 | 0 | _aIntroduction to pattern recognition: Statistical, structural, neural and fuzzy logic approaches | |
| 260 |
_aChennai _bWorld Scientific _c2020 |
||
| 300 | _axii, 329 p. | ||
| 500 | _a4358 12/01/2022 IBS22/00302 14/01/2022 Main Budget | ||
| 942 | _cBK | ||
| 999 |
_c4396 _d4396 |
||